000 00547nam a2200217Ia 4500
003 OSt
005 20220918191938.0
006 a|||||r|||| 00| 0
007 ta
008 220917b |||||||| |||| 00| 0 eng d
024 _a66,066
037 _cTextual
040 _aARTS
_cARTS
_beng
041 _2eng
_aeng
082 _aR2, M4
100 _aSuppes Patrick
_942213
245 0 _aProbabilistic metaphysics
260 _aN.Y
_bBasil Blackwell
_c1984
942 _hR2, M4
_cTEXL
_2CC
999 _c192300
_d192300